[Event "Hastings7778"]
[Site "Hastings"]
[Date "1977.??.??"]
[Round "4"]
[White "Sax, Gyula"]
[Black "Sveshnikov, Evgeny"]
[Result "1-0"]
[WhiteElo "2565"]
[BlackElo "2520"]

1.e4 c5 2.Nf3 Nc6 3.Bb5 Nf6 4.Nc3 Nd4 5.e5 Nxb5 6.Nxb5 Nd5 7.O-O a6 8.c4 Nb6
9.Nc3 d5 10.d4 e6 11.Bg5 Qd7 12.cxd5 Nxd5 13.Nxd5 Qxd5 14.dxc5 Bxc5 15.Qc2 O-O
16.Rfd1 Qc6 17.Rac1 Ba7 18.Qd2 Qb6 19.Bf6 h6 20.Qf4 Qxb2 21.Qg4 Qxf2+ 22.Kh1 g6
23.Qb4 Bb6 24.Rd2 Qe3 25.Rc3 a5 26.Qxf8+ Kxf8 27.Rxe3  1-0

[Event "Lone Pine"]
[Site "Lone Pine"]
[Date "1977.??.??"]
[Round "4"]
[White "Strauss, David J"]
[Black "Martinovsky, Eugene"]
[Result "1-0"]
[WhiteElo "2260"]
[BlackElo "2200"]

1.e4 c5 2.Nf3 Nc6 3.Bb5 g6 4.O-O Bg7 5.c3 e6 6.d4 cxd4 7.cxd4 Qb6 8.Bxc6 bxc6
9.Nc3 Ne7 10.b3 Ba6 11.Re1 d6 12.Ba3 Rd8 13.Qc1 O-O 14.e5 Nf5 15.Ne4 Nxd4
16.Nxd4 Qxd4 17.Bb2 Qd5 18.exd6 f6 19.Nc5 Bh6 20.Qc2 Rxd6 21.Rad1 Bd2 22.Nxa6 Rfd8
23.Bc3 Qg5 24.Rxd2 Rxd2 25.Bxd2 Rxd2 26.Qxc6 Rxa2 27.Qxe6+ Kg7 28.Nc7 f5
29.g3 Qd2 30.Qe7+ Kg8 31.Rf1 Qc3 32.Ne6 h5 33.Rd1 Ra1 34.Qf8+  1-0

[Event "Montilla"]
[Site "Montilla"]
[Date "1977.??.??"]
[Round "4"]
[White "Calvo Minguez, Ricardo"]
[Black "Taimanov, Mark E"]
[Result "1/2-1/2"]
[WhiteElo "2465"]
[BlackElo "2530"]

1.e4 c5 2.Nf3 Nc6 3.Bb5 e6 4.Bxc6 bxc6 5.d3 d5 6.Nbd2 Nf6 7.O-O Be7 8.Qe2 O-O
9.e5 Nd7 10.c4 Kh8 11.b3 f5 12.Bb2 Nb6 13.Ne1 f4 14.g4 Bd7 15.Ng2 Be8 16.Nf3 g5
17.Rfd1 Bg6 18.Nge1 h6 19.h3 Qc8 20.Bc3 Rb8 21.Nc2 Rd8 22.Kg2 Kg7 23.Nce1 Kf7
24.Rac1 Rd7 25.Bd2 Qa6 26.Ra1 Rbd8 27.Ng1 Na8 28.h4 Nc7 29.hxg5 hxg5 30.Nef3 Rg8
31.Nh3 Ke8 32.Rh1 Bf7 33.Nhg1 Bg6 34.Nh3 Bf7 35.Nhg1  1/2-1/2

[Event "Piriapolis"]
[Site "Piriapolis"]
[Date "1977.??.??"]
[Round "9"]
[White "Bademian, Jose"]
[Black "Franco Ocampo, Zenon"]
[Result "1/2-1/2"]
[WhiteElo "2235"]
[BlackElo "2315"]

1.e4 c5 2.Nf3 Nc6 3.Bb5 e6 4.d4 cxd4 5.Nxd4 Nf6 6.Qd3 Ne5 7.Qe2 a6 8.Bd3 d5
9.Nf3 Nxd3+ 10.cxd3 dxe4 11.dxe4 Bd7 12.Nc3 Bb4 13.O-O Qc7 14.Rd1 Bc6 15.Nd5 Bxd5
16.exd5 O-O 17.dxe6 Rae8 18.exf7+ Rxf7 19.Be3 Ng4 20.Rac1 Qe7 21.Rd3 Bd6
22.h3 Ne5 23.Nxe5 Qxe5 24.g3 Ref8 25.Qg4 Bb8 26.Rc2 h5 27.Qc4 Qf5 28.g4 hxg4
29.hxg4 Qh7 30.Qd5 Qh4 31.Qh5 Qe7 32.g5 Rf5 33.Rdc3 Bf4 34.Bxf4 Qe1+ 35.Kg2 Rxf4
36.Qe2 Rxf2+ 37.Qxf2 Rxf2+ 38.Rxf2 Qe4+ 39.Kg3 Kh7 40.Rg2 Kg6 41.Kh2 Qh4+
42.Kg1 Qe4 43.a3 Qe1+ 44.Kh2 Qh4+  1/2-1/2

[Event "Santos Lugares"]
[Site "Santos Lugares"]
[Date "1977.??.??"]
[Round "3"]
[White "Schweber, Samuel"]
[Black "Agdamus, Jose Luis"]
[Result "1-0"]
[WhiteElo "2445"]
[BlackElo "2200"]

1.e4 c5 2.Nf3 Nc6 3.Bb5 Nf6 4.Nc3 a6 5.Bxc6 dxc6 6.h3 e6 7.d3 Be7 8.a4 b6
9.O-O Bb7 10.a5 b5 11.Qe2 Qc7 12.e5 Nd7 13.Bf4 c4 14.dxc4 b4 15.Ne4 c5 16.Rfd1 Bxe4
17.Qxe4 Rd8 18.Nd2 g5 19.Bg3 Nb8 20.Nb3 O-O 21.Rxd8 Rxd8 22.f4 Nc6 23.fxg5 Kg7
24.Bf4 Nd4 25.Be3 Nxb3 26.cxb3 Qd7 27.Rf1 Qd3 28.Qf3 Qg6 29.Qf2 Rd3 30.Bxc5 Bxg5
31.Kh1 Rd2 32.Qf3 Rxb2 33.Qa8 Bd8 34.Bxb4 Rxb3 35.Bf8+ Kxf8 36.Qxd8+ Kg7
37.c5 Rc3 38.Qd4 Rd3 39.Qf4 Ra3 40.Qf6+ Qxf6 41.exf6+ Kf8 42.Rb1 Ke8 43.c6 Kd8
44.Rb7 Rxa5 45.Rxf7 Ra1+  1-0

[Event "Vrbas"]
[Site "Vrbas"]
[Date "1977.??.??"]
[Round "2"]
[White "Govedarica, Radovan"]
[Black "Radulov, Ivan"]
[Result "0-1"]
[WhiteElo "2440"]
[BlackElo "2500"]

1.e4 c5 2.Nf3 Nc6 3.Bb5 g6 4.O-O Bg7 5.Re1 e5 6.Bxc6 dxc6 7.d3 Ne7 8.Be3 b6
9.Qc1 Bg4 10.Nbd2 O-O 11.h3 Be6 12.Nf1 c4 13.Bh6 f6 14.Bxg7 Kxg7 15.dxc4 Bxc4
16.Ne3 Be6 17.Rd1 Qc7 18.a4 c5 19.a5 b5 20.c4 bxc4 21.Nd5 Bxd5 22.exd5 Nf5
23.Qxc4 Nd6 24.Qc3 Rab8 25.Rdc1 Rfc8 26.Ra4 Qb7 27.Rc2 Qxd5 28.Rd2 Qe6 29.Qd3 Rc6
30.Nh2 c4 31.Qe3 Rb7 32.Nf3 c3 33.Nd4 exd4 34.Qxe6 cxd2 35.Rxd4 Rc1+ 36.Kh2 d1=Q
37.Rxd6 Qg1+ 38.Kg3 Rf7 39.Rd7 Rxd7 40.Qxd7+ Kh6 41.Qd2+ g5 42.Qd6 Kg6 43.Qd3+ f5
44.Qa6+ Kf7 45.Qxa7+ Ke6 46.Qe3+ Kd5 47.Qxg5 Qe1 48.Qd8+ Kc4 49.Qc8+ Kb4
50.Qxf5 Qe7 51.b3 Rc5 52.Qf4+ Kxb3 53.a6 Qc7 54.Qxc7 Rxc7 55.Kf4 Kc4 56.Ke5 Ra7
57.f4 Rxa6 58.f5 Ra5+ 59.Ke6 Kd4 60.f6 Ra6+ 61.Kf5 Ra2 62.f7 Rxg2 63.Kf6 Ke4
64.h4 h5 65.Ke7 Rf2 66.Ke8 Rf5  0-1

[Event "Yerevan"]
[Site "Yerevan"]
[Date "1977.??.??"]
[Round "11"]
[White "Lutikov, Anatoly S"]
[Black "Arutiunov, Albert"]
[Result "1-0"]
[WhiteElo "2540"]
[BlackElo "2200"]

1.e4 c5 2.Nf3 Nc6 3.Bb5 g6 4.O-O Bg7 5.c3 Nf6 6.d4 cxd4 7.cxd4 O-O 8.d5 Nb8
9.Re1 d6 10.h3 Nbd7 11.Nc3 Nc5 12.Bf4 Qb6 13.a4 a5 14.e5 Nfd7 15.Ra3 dxe5
16.Nxe5 Nxe5 17.Bxe5 Bxe5 18.Rxe5 Qf6 19.Qe2 Bf5 20.Rxe7 Ne6 21.Rxb7 Nf4
22.Qe7 Qd4 23.Qe3 Qb4 24.Bc6 Qc4 25.Kh2 g5 26.Bb5 Qb4 27.Qe5 Bg6 28.Qxg5 Qxb2
29.Ra2 Qc1 30.Ne4  1-0

[Event "IBM-B"]
[Site "Amsterdam"]
[Date "1978.??.??"]
[Round "11"]
[White "Balshan, Amikam"]
[Black "Christiansen, Larry Mark"]
[Result "1-0"]
[WhiteElo "2415"]
[BlackElo "2490"]

1.e4 c5 2.Nf3 Nc6 3.Bb5 e6 4.Bxc6 bxc6 5.O-O Ne7 6.e5 Ng6 7.d3 Qc7 8.Re1 Be7
9.Nc3 O-O 10.Bg5 Bxg5 11.Nxg5 h6 12.Nf3 Rb8 13.b3 f6 14.exf6 Rxf6 15.Ne4 Rf7
16.d4 cxd4 17.Qxd4 Bb7 18.Qd6 Qxd6 19.Nxd6 Rf4 20.Rad1 Kf8 21.Ne5 Nxe5 22.Rxe5 Ba6
23.c4 Bb7 24.Ra5 a6 25.g3 Rf3 26.c5 Ke7 27.Ra4 Bc8 28.Rg4 g5 29.h4 a5 30.hxg5 h5
31.Rh4 Ba6 32.Rxh5 Rbf8 33.Rh7+ Kd8 34.g6 Bd3 35.Rxd3 Rxd3 36.g7  1-0

[Event "URS-FL"]
[Site "Ashkhabad"]
[Date "1978.??.??"]
[Round "3"]
[White "Kupreichik, Viktor D"]
[Black "Sveshnikov, Evgeny"]
[Result "1-0"]
[WhiteElo "2530"]
[BlackElo "2565"]

1.e4 c5 2.Nf3 Nc6 3.Bb5 e6 4.O-O Nge7 5.b3 a6 6.Bxc6 Nxc6 7.Bb2 d5 8.exd5 Qxd5
9.Nc3 Qd8 10.Ne4 Nd4 11.Nxd4 cxd4 12.Qh5 b5 13.Qe5 d3 14.cxd3 Qd5 15.Qg3 Bb7
16.Rac1 f5 17.Bxg7 fxe4 18.dxe4 Qxe4 19.Bxh8 Bd6 20.Qg8+ Kd7 21.Qf7+ Be7
22.f3 Qh4 23.Be5  1-0

[Event "Buenos Aires ol (Men)"]
[Site "Buenos Aires"]
[Date "1978.??.??"]
[Round "?"]
[White "Raaste, Eero J"]
[Black "Small, Vernon A"]
[Result "1/2-1/2"]
[WhiteElo "2335"]
[BlackElo "2200"]

1.e4 c5 2.Nf3 Nc6 3.Bb5 g6 4.O-O Bg7 5.c3 Nf6 6.Re1 O-O 7.h3 Qb6 8.Na3 d5
9.e5 Ne8 10.Bf1 Nc7 11.d3 Ne6 12.Nc2 d4 13.c4 Qc7 14.Qe2 Rb8 15.Bd2 b5 16.cxb5 Rxb5
17.b3 a5 18.Na3 Rb8 19.Nc4 Ba6 20.Rac1 a4 21.bxa4 Bxc4 22.Rxc4 Rb2 23.Qd1 Nxe5
24.Nxe5 Bxe5 25.Rc2 Rb7 26.g3 Rfb8 27.Bg2 Ra7 28.a5 Bd6 29.Qg4 Ng7 30.Rec1 e6
31.Qd1 Nf5 32.Rb1 Ne7 33.Rcb2 Rxb2 34.Rxb2 Nc6 35.Rb6 Nxa5 36.Bxa5 Rxa5 37.Rb7 Qd8
38.Qf3 Be7 39.Qe2 Qd6 40.Qb2 Kg7 41.Qb3 Bd8 42.a4 h5  1/2-1/2

[Event "Buenos Aires ol (Men)"]
[Site "Buenos Aires"]
[Date "1978.??.??"]
[Round "?"]
[White "Payne, F."]
[Black "Arafih, I."]
[Result "1-0"]
[WhiteElo "2200"]
[BlackElo "2200"]

1.e4 c5 2.Nf3 Nc6 3.Bb5 g6 4.O-O Bg7 5.c3 e5 6.d3 Nge7 7.Be3 d6 8.d4 cxd4
9.cxd4 a6 10.Be2 O-O 11.Nc3 Bg4 12.d5 Bxf3 13.Bxf3 Nd4 14.Be2 Nxe2+ 15.Qxe2 Qd7
16.Rac1 f5 17.f3 b5 18.b3 Kh8 19.a4 Rab8 20.axb5 axb5 21.Ra1 Rb7 22.Ra5 b4
23.Na4 Ng8 24.Nb6 Qe7 25.Nc4 Nf6 26.Bf2 Nh5 27.Kh1 Nf4 28.Qd2 fxe4 29.fxe4 Nh5
30.Qe1 Nf4 31.Bg1 Nd3 32.Rxf8+ Bxf8 33.Qf1 Nf4 34.Ra6 Qd8 35.Be3 Kg8 36.g3 Nh5
37.Kg2 Rf7 38.Qe2 Nf6  1-0

[Event "Buenos Aires ol (Men)"]
[Site "Buenos Aires"]
[Date "1978.??.??"]
[Round "?"]
[White "Payne, F."]
[Black "Alvarez, Franklin"]
[Result "0-1"]
[WhiteElo "2200"]
[BlackElo "2200"]

1.e4 c5 2.Nf3 Nc6 3.Bb5 g6 4.O-O Bg7 5.c3 Qb6 6.Qe2 Nf6 7.Na3 O-O 8.Ba4 a6
9.Bc2 d5 10.d3 e5 11.exd5 Nxd5 12.Nc4 Qc7 13.a4 Bf5 14.Ng5 b5 15.axb5 axb5
16.Rxa8 Rxa8 17.Ne3 Nde7 18.Nxf5 Nxf5 19.Qf3 Ra1 20.Bb3 Nd8 21.Bd2 Rxf1+
22.Kxf1 h6 23.Ne4 c4 24.dxc4 bxc4 25.Ba2 Nb7 26.Be1 Na5 27.Qd1 Nc6 28.f3 Ne3+  0-1

[Event "Buenos Aires ol (Men)"]
[Site "Buenos Aires"]
[Date "1978.??.??"]
[Round "?"]
[White "Schneider, Lars Ake"]
[Black "Liu Wenzhe"]
[Result "1/2-1/2"]
[WhiteElo "2430"]
[BlackElo "2200"]

1.e4 c5 2.Nf3 Nc6 3.Bb5 g6 4.O-O Bg7 5.c3 a6 6.Bxc6 bxc6 7.d4 cxd4 8.cxd4 Nf6
9.Nc3 O-O 10.Bf4 a5 11.Qd2 a4 12.e5 Nd5 13.Nxd5 cxd5 14.Bh6 d6 15.Rfe1 dxe5
16.Nxe5 Qb6 17.Rac1 Be6 18.Nc6 Rfe8 19.Bxg7 Kxg7 20.Qg5 Qxb2 21.h4 f6 22.Qf4 Bf7
23.Nxe7 Qb8 24.Rc7 Ra7 25.Nf5+ gxf5 26.Qg3+ Kh6 27.Qf4+ Kg7 28.Qg3+ Kh6 29.Qf4+  1/2-1/2

[Event "Buenos Aires ol (Men)"]
[Site "Buenos Aires"]
[Date "1978.??.??"]
[Round "?"]
[White "Liu Wenzhe"]
[Black "Pazos, Plinio"]
[Result "1-0"]
[WhiteElo "2200"]
[BlackElo "2200"]

1.e4 c5 2.Nf3 Nc6 3.Bb5 g6 4.O-O Bg7 5.c3 Nf6 6.Re1 O-O 7.d4 cxd4 8.cxd4 d5
9.e5 Ne4 10.Nc3 Nxc3 11.bxc3 Na5 12.h3 h6 13.Bd3 Be6 14.Nh2 Rc8 15.Bd2 Qd7
16.Ng4 Bxg4 17.hxg4 Qe6 18.Rb1 b6 19.f4 Qc6 20.Bb5 Qc7 21.Ba6 Rcd8 22.f5 Nc4
23.Bc1 f6 24.e6 Nd6 25.Qf3 Ne4 26.Rb3 Ng5 27.Qf4 Qxf4 28.Bxf4 h5 29.gxh5 gxf5
30.Bc7 Rc8 31.Bxc8 Rxc8 32.Bf4 Bh6 33.Kf1 Rc6 34.Rb5 Kh7 35.Bxg5 Bxg5 36.Rxd5 Bh4
37.Rd7 Bxe1 38.Rxe7+  1-0

[Event "Buenos Aires ol (Men)"]
[Site "Buenos Aires"]
[Date "1978.??.??"]
[Round "?"]
[White "Kaiszauri, Konstanty"]
[Black "Stean, Michael"]
[Result "0-1"]
[WhiteElo "2420"]
[BlackElo "2510"]

1.e4 c5 2.Nf3 Nc6 3.Bb5 Qb6 4.a4 e6 5.O-O Nge7 6.b3 a6 7.Bxc6 Qxc6 8.Re1 Ng6
9.Bb2 b6 10.Na3 Bb7 11.Nc4 f6 12.d4 cxd4 13.Bxd4 b5 14.Na5 Qc7 15.Nxb7 Qxb7
16.axb5 Qxb5 17.Qe2 Qxe2 18.Rxe2 e5 19.Be3 Bb4 20.Ra4 a5 21.Bd2 Ke7 22.Bxb4+ axb4
23.Rxb4 Nf4 24.Re1 Rhc8 25.g3 Ne6 26.c4 Nc5 27.Re3 Ra2 28.Rb5 Rb2 29.Ne1 Rd2
30.Kg2 Ne6 31.Rb7 Nc5 32.Rb5 Ne6 33.Nf3 Rb2 34.Rb7 Ra8 35.Ne1 Raa2 36.Nd3 Rd2
37.c5 Rxd3 38.c6 Rxe3 39.Rxd7+ Ke8 40.Rb7 Rc3  0-1

[Event "Buenos Aires ol (Men)"]
[Site "Buenos Aires"]
[Date "1978.??.??"]
[Round "?"]
[White "Hase, Juan C"]
[Black "Hoelzl, Franz"]
[Result "1/2-1/2"]
[WhiteElo "2410"]
[BlackElo "2410"]

1.e4 c5 2.Nf3 Nc6 3.Bb5 Nf6 4.e5 Nd5 5.Nc3 Nc7 6.Bxc6 dxc6 7.h3 g6 8.O-O Bg7
9.Ne4 b6 10.d3 O-O 11.Re1 Ne6 12.b3 Nd4 13.Bb2 Qd5 14.c4 Qd7 15.Neg5 Nxf3+
16.Nxf3 Qc7 17.Qe2 Bb7 18.Rad1 Rad8 19.Qe3 Qc8 20.Qg5 h6 21.Qh4 Qf5 22.Re3 g5
23.Qg3 Bc8 24.Nd2 g4 25.hxg4 Qxg4 26.Rde1 Qxg3 27.Rxg3 Kh7 28.f4 Bf5 29.Ne4 Rg8
30.Kf2 Rd7 31.Ke2 Bxe4 32.dxe4 Rgd8 33.Bc3 b5 34.Rxg7+ Kxg7 35.e6+ Rd4 36.cxb5 cxb5
37.exf7 e5 38.Bxd4 Rxd4 39.Ke3 exf4+ 40.Kxf4 Kxf7 41.Rc1 c4 42.bxc4 bxc4
43.Ke5 Rd2 44.a4 Rxg2 45.Rxc4 Rg5+ 46.Kd6 Rg6+ 47.Kd5 Ra6 48.e5 Ke7 49.Rc7+ Kd8
50.Rh7 Ke8  1/2-1/2

[Event "Buenos Aires ol (Men)"]
[Site "Buenos Aires"]
[Date "1978.??.??"]
[Round "?"]
[White "El Ageli, Kamel M"]
[Black "Canda, Danilo"]
[Result "1-0"]
[WhiteElo "2200"]
[BlackElo "2200"]

1.e4 c5 2.Nf3 Nc6 3.Bb5 Nf6 4.Bxc6 dxc6 5.d3 g6 6.Nc3 Bg7 7.O-O Bg4 8.Be3 Nd7
9.h3 Bxf3 10.Qxf3 Qc7 11.Qe2 O-O 12.f4 e6 13.e5 b6 14.Ne4 f5 15.Ng5 Rfe8
16.c3 Rad8 17.d4 cxd4 18.cxd4 Nb8 19.Rac1 Rd5 20.Qf3 Qd7 21.Qf2 Bf8 22.a3 Rc8
23.Rc2 a5 24.Rfc1 h6 25.Nf3 Be7 26.Kh2 Rf8 27.Rg1 g5 28.g4 Kh7 29.fxg5 f4
30.Qh4 fxe3 31.Qxh6+ Kg8 32.Qg6+ Kh8 33.Nh4 Bd8 34.Qh6+ Kg8 35.Ng6 Qg7 36.Nxf8 Qxh6
37.gxh6 Kxf8 38.g5 Rxd4 39.g6 Rh4 40.Rf1+ Kg8 41.h7+ Kg7 42.Rg2  1-0

[Event "Buenos Aires ol (Men)"]
[Site "Buenos Aires"]
[Date "1978.??.??"]
[Round "?"]
[White "Ciocaltea, Victor"]
[Black "Seidler, O."]
[Result "1/2-1/2"]
[WhiteElo "2455"]
[BlackElo "2395"]

1.e4 c5 2.Nf3 Nc6 3.Bb5 Qc7 4.O-O Nf6 5.Re1 e6 6.c3 a6 7.Bf1 d6 8.d4 Be7
9.h3 O-O 10.a3 b5 11.Bd3 Rd8 12.Nbd2 Qb6 13.dxc5 dxc5 14.Qe2 c4 15.Bc2 e5
16.Nf1 h6 17.Ng3 Be6 18.Nf5 Bxf5 19.exf5 Bc5 20.Nd2 Ra7 21.Ne4 Nxe4 22.Bxe4 Na5
23.Bc2  1/2-1/2

[Event "Buenos Aires ol (Men)"]
[Site "Buenos Aires"]
[Date "1978.??.??"]
[Round "?"]
[White "Ciocaltea, Victor"]
[Black "Petursson, Margeir"]
[Result "1-0"]
[WhiteElo "2455"]
[BlackElo "2350"]

1.e4 c5 2.Nf3 Nc6 3.Bb5 g6 4.O-O Bg7 5.c3 Nf6 6.Re1 O-O 7.h3 a6 8.Bxc6 bxc6
9.d4 cxd4 10.cxd4 d5 11.e5 Ne4 12.Nbd2 c5 13.dxc5 Nxc5 14.Nb3 Nxb3 15.Qxb3 Be6
16.Nd4 Qa5 17.Qe3 Rac8 18.Bd2 Qa4 19.Bc3 Qd7 20.g4 Rce8 21.Rad1 Qc8 22.Kh2 Bd7
23.f4 Kh8 24.Rd2 Rg8 25.Nb3 Qc4 26.Nc5 Bc6 27.b3 Qb5 28.a4 Qb8 29.b4 Qb6
30.Rb2 Rc8 31.Bd4 Qd8 32.b5 axb5 33.axb5 Be8 34.b6 Bc6 35.b7 Rb8 36.Reb1 Qa5
37.Rb6  1-0

[Event "Buenos Aires ol (Men)"]
[Site "Buenos Aires"]
[Date "1978.??.??"]
[Round "?"]
[White "Chang Wei Ta"]
[Black "Bhend, Edwin"]
[Result "1/2-1/2"]
[WhiteElo "2200"]
[BlackElo "2345"]

1.e4 c5 2.Nf3 Nc6 3.Bb5 d6 4.O-O Bd7 5.c3 a6 6.Ba4 Nf6 7.Re1 e5 8.d3 g6 9.Nbd2 b5
10.Bb3 Bg7 11.Nf1 h6 12.Ng3 O-O 13.h3 Qc7 14.Nh2 Na5 15.Bc2 d5 16.Qf3 dxe4
17.dxe4 Kh7 18.Ngf1 Nc4 19.a4 Bc6 20.Ng4 Nh5 21.b3 Nb6 22.Qe3 bxa4 23.bxa4 Nf4
24.Nd2 h5 25.Nh2 Bd7 26.a5 Nc8 27.Ba3 Ne6 28.Nb3 Bh6 29.Qf3 Nd6 30.Nf1 Nc4
31.Bc1 Bxc1 32.Rexc1 Kg7 33.Ne3 Nxe3 34.Qxe3 Rfd8 35.Rd1 Bb5 36.g3 Rab8 37.Nd2 Rd7
38.Nf3 Rbd8 39.Rxd7 Rxd7 40.Ng5 Nd8 41.f4 f6 42.Nf3 Nf7  1/2-1/2

[Event "Buenos Aires ol (Men)"]
[Site "Buenos Aires"]
[Date "1978.??.??"]
[Round "?"]
[White "Biyiasas, Peter"]
[Black "Franco Ocampo, Zenon"]
[Result "1-0"]
[WhiteElo "2450"]
[BlackElo "2315"]

1.e4 c5 2.Nf3 Nc6 3.Bb5 Qb6 4.Nc3 e6 5.O-O Nge7 6.Re1 Nd4 7.Bf1 Nec6 8.Nxd4 cxd4
9.Nb1 Be7 10.c4 O-O 11.d3 d6 12.Nd2 Bd7 13.Rb1 a5 14.g3 g6 15.Nf3 Bf6 16.Bh6 Bg7
17.Bxg7 Kxg7 18.e5 Qc5 19.Qe2 dxe5 20.Nxe5 Nxe5 21.Qxe5+ Qxe5 22.Rxe5 Bc6
23.Bg2 Kf6 24.f4 Ke7 25.Rbe1 a4 26.g4 Kf6 27.R1e2 Ra6 28.Kf2 Rfa8 29.Bxc6 bxc6
30.Kf3 Rc8 31.Rc5 Rd8 32.Ke4 Ke7 33.g5 Rd7 34.h4 Kd8 35.Ke5 Kc7 36.Kf6 Kd6
37.Rce5 Kc7 38.Rh2 Kb6 39.h5 c5 40.hxg6 hxg6 41.Rh8 Raa7 42.Re2 a3 43.Rc8 Rdc7
44.Rxc7 Rxc7 45.bxa3 Ka5 46.Rb2 Ka4 47.Rb3 Ra7 48.Ke5 Rd7 49.Rb5 Kxa3 50.Rxc5 Kb4
51.Rb5+ Kc3 52.Ke4  1-0

[Event "Buenos Aires ol (Men)"]
[Site "Buenos Aires"]
[Date "1978.??.??"]
[Round "?"]
[White "Bellon Lopez, Juan Manuel"]
[Black "Bleiman, Yaacov"]
[Result "1-0"]
[WhiteElo "2350"]
[BlackElo "2440"]

1.e4 c5 2.Nf3 Nc6 3.Bb5 g6 4.O-O Bg7 5.c3 e5 6.d4 cxd4 7.cxd4 exd4 8.Bf4 a6
9.Qa4 Ra7 10.Bxc6 dxc6 11.e5 Ne7 12.Rd1 b5 13.Qa3 O-O 14.Rxd4 Rd7 15.Rxd7 Qxd7
16.Nc3 Nd5 17.Nxd5 Qxd5 18.Re1 h6 19.h4 Re8 20.Rc1 Bg4 21.Nh2 Bd7 22.Nf3 Bg4
23.Nh2 Be6 24.Qxa6 Bxe5 25.Bxe5 Qxe5 26.Qa3 Qf4 27.Re1 Qxh4 28.Qc3 Qc4 29.Qd2 Kh7
30.b3 Qc5 31.Ng4 Bxg4 32.Rxe8 Be6 33.Qb2 g5 34.g4 Bxg4 35.Qf6 Qc1+ 36.Kg2 Bh3+
37.Kh2  1-0

[Event "Buenos Aires ol (Men)"]
[Site "Buenos Aires"]
[Date "1978.??.??"]
[Round "?"]
[White "Zargouni, T."]
[Black "Frank, Albert"]
[Result "1-0"]
[WhiteElo "2200"]
[BlackElo "2200"]

1.e4 c5 2.Nf3 Nc6 3.Bb5 g6 4.O-O Bg7 5.c3 a6 6.Bxc6 dxc6 7.d4 cxd4 8.cxd4 Bg4
9.Be3 Bxf3 10.Qxf3 Bxd4 11.Bxd4 Qxd4 12.Qb3 Rb8 13.Nc3 Nh6 14.Rad1 Qe5 15.h3 O-O
16.Rd7 b5 17.Qb4 c5 18.Qa5 Ra8 19.f4 Qe6 20.Rc7 Rac8 21.Nd5 Nf5 22.Re1 Rfe8
23.Ra7 Nh4 24.Rxa6 Rc6 25.Ra7 b4 26.Qb5 c4 27.Rc7 Rxc7 28.Qxe8+ Kg7 29.Nxc7 Qb6+
30.Kh1 Qf2 31.Ne6+ fxe6 32.Qxe7+ Kg8 33.Qxe6+ Kg7 34.Qe5+ Kg8 35.Rg1 Nf3
36.gxf3 Qxf3+ 37.Kh2  1-0

[Event "Buenos Aires ol (Men)"]
[Site "Buenos Aires"]
[Date "1978.??.??"]
[Round "?"]
[White "Zargouni, T."]
[Black "Parakrama, Arjuna"]
[Result "1-0"]
[WhiteElo "2200"]
[BlackElo "2200"]

1.e4 c5 2.Nf3 Nc6 3.Bb5 d6 4.O-O Nf6 5.Nc3 g6 6.e5 dxe5 7.Nxe5 Bd7 8.Bxc6 Bxc6
9.Nxc6 bxc6 10.Qf3 Rc8 11.d3 Bg7 12.Re1 O-O 13.Bg5 Re8 14.Rab1 Nd5 15.Ne4 Nb4
16.Re2 Qd5 17.a3 Na6 18.b3 Nc7 19.Be3 Ne6 20.Nd2 Nd4 21.Bxd4 Qxf3 22.Nxf3 cxd4
23.Rbe1 e6 24.Nd2 Red8 25.Nc4 Rd5 26.Rb1 Rb8 27.Ree1 a6 28.Kf1 Re8 29.Re4 Rb8
30.f4 h5 31.Kf2 Kf8 32.Kf3 Ke7 33.Rbe1 Rb7 34.h3 c5 35.Ne5 Bxe5 36.Rxe5 Rxe5
37.fxe5 f6 38.exf6+ Kxf6 39.Ke4 Rd7 40.b4 cxb4 41.axb4 e5 42.Rf1+ Ke6 43.Ra1 Rd6
44.Ra5 Rc6 45.Rxe5+ Kf6 46.Rc5 Re6+ 47.Kxd4 Re2 48.g4 h4 49.g5+ Ke6 50.c4 Rh2
51.Re5+ Kd6 52.Re3 Rg2 53.Re4 Rxg5 54.Rxh4  1-0

[Event "Buenos Aires ol (Men)"]
[Site "Buenos Aires"]
[Date "1978.??.??"]
[Round "?"]
[White "Shoumali, S."]
[Black "Shabsh, A."]
[Result "0-1"]
[WhiteElo "2200"]
[BlackElo "2200"]

1.e4 c5 2.Nf3 Nc6 3.Bb5 d6 4.d4 cxd4 5.Qxd4 Bd7 6.Bxc6 bxc6 7.c4 c5 8.Qd2 Qc7
9.Nc3 e6 10.O-O Nf6 11.b3 Be7 12.Bb2 Rd8 13.Rfe1 Bc6 14.Qc2 O-O 15.Rad1 h6
16.h3 Nh7 17.Rd3 e5 18.Nd5 Bxd5 19.cxd5 Qc8 20.Rc3 Qb7 21.g4 Ng5 22.Nxg5 Bxg5
23.Bc1 f6 24.Kg2 Rb8 25.Kg3 Qe7 26.Rc4 Rb7 27.h4 Bxc1 28.Qxc1 Qf7 29.h5 Qc7
30.Qc3 a5 31.Rc1 Rfb8 32.f3 Rb4 33.Rc2 R8b5 34.Qd2 Qa7 35.Kg2 a4 36.bxa4 Qxa4
37.Qc3 Kf7 38.Kg3 Ke7 39.Qd3 Kd7 40.R4c3 Rb2 41.Rxb2 Rxb2 42.Ra3 Qd4 43.Ra7+ Ke8
44.Qf1 Qd2 45.Qg1 Qf4+ 46.Kh3 Qxf3+ 47.Kh4 Rg2  0-1

[Event "Buenos Aires ol (Men)"]
[Site "Buenos Aires"]
[Date "1978.??.??"]
[Round "?"]
[White "Sisniega, Marcel"]
[Black "Franco Ocampo, Zenon"]
[Result "0-1"]
[WhiteElo "2455"]
[BlackElo "2315"]

1.e4 c5 2.Nf3 Nc6 3.Bb5 Qb6 4.a4 e6 5.O-O Nf6 6.Re1 Be7 7.Na3 O-O 8.b3 Qc7
9.Bb2 a6 10.Bxc6 bxc6 11.e5 Nd5 12.Nc4 f6 13.exf6 Bxf6 14.Bxf6 Rxf6 15.Ng5 Rg6
16.Qh5 Nf6 17.Qh4 h6 18.Nf3 Rg4 19.Qh3 d6 20.g3 e5 21.Ne3 Rxa4 22.Qf1 Rb4
23.Ra3 Ng4 24.Rea1 Nxe3 25.fxe3 Rg4 26.Ra4 Rxa4 27.Rxa4 Bb7 28.Qc4+ d5 29.Qg4 Qe7
30.Qh5 e4 31.Ne5 Rf8 32.Ng6 Qf7 33.Ra1 Bc8 34.Nf4 Qxh5 35.Nxh5 g5 36.g4 Bxg4
37.Ng3 h5 38.Rxa6 h4 39.Nh1 Be2 40.Ra1 g4 41.Nf2 Kg7 42.Ra7+ Kg6 43.Rc7 Ra8
44.Rxc6+ Kf5 45.Nxg4 Kxg4 46.Kf2 Bf3 47.Rxc5 Ra1 48.Rxd5 Rh1 49.Rd8 Rxh2+
50.Kg1 Re2 51.Rg8+ Kh3  0-1

[Event "ARG-ch"]
[Site "Buenos Aires"]
[Date "1978.??.??"]
[Round "?"]
[White "Emma, Jaime"]
[Black "Anelli, Antonio"]
[Result "1-0"]
[WhiteElo "2390"]
[BlackElo "2325"]

1.e4 c5 2.Nf3 Nc6 3.Bb5 g6 4.O-O Bg7 5.Re1 e5 6.b4 cxb4 7.a3 Nge7 8.axb4 O-O
9.Bb2 d6 10.c3 Be6 11.d3 a6 12.Ba4 d5 13.Nbd2 d4 14.cxd4 Nxd4 15.Nxd4 exd4
16.Bb3 Bxb3 17.Qxb3 Qd7 18.Nf3 Rfe8 19.h3 Rad8 20.Bc1 h6 21.Bd2 Nc6 22.b5 axb5
23.Reb1 Ne5 24.Ne1 Ra8 25.f4 Nc6 26.Rxa8 Rxa8 27.Qxb5 Rb8 28.Nf3 Bf8 29.Kf2 b6
30.g4 Bc5 31.f5 Kh7 32.Qc4 Ra8 33.h4 Ra7 34.h5 g5 35.e5 Nd8 36.Re1 Qc6 37.Re2 b5
38.Qb3 Ra3 39.Qc2 Bb6 40.Qxc6 Nxc6 41.e6 fxe6 42.Rxe6  1-0

[Event "Buenos Aires ol (Women)"]
[Site "Buenos Aires"]
[Date "1978.??.??"]
[Round "?"]
[White "Nordahl, B."]
[Black "Weichert Jorger, Hannelore"]
[Result "0-1"]
[WhiteElo "2000"]
[BlackElo "2030"]

1.e4 c5 2.Nf3 Nc6 3.Bb5 g6 4.c3 Bg7 5.O-O Nf6 6.Re1 O-O 7.d3 a6 8.Ba4 b5
9.Bc2 d6 10.h3 Bb7 11.Bd2 e5 12.Qc1 a5 13.Na3 Ba6 14.Be3 Qc7 15.Nh4 Nd7 16.Bb3 a4
17.Bd5 Nb6 18.Bh6 Nxd5 19.Bxg7 Kxg7 20.exd5 Ne7 21.c4 b4 22.Nc2 f5 23.f4 e4
24.Qe3 Rae8 25.Rad1 exd3 26.Qxd3 Ng8 27.b3 a3 28.Qg3 Bc8 29.Ne3 Kh8 30.Kh2 Nf6
31.Qf3 Qf7 32.g4 fxg4 33.hxg4 Rxe3 34.Rxe3 Nxg4+ 35.Kg3 Nxe3 36.Qxe3 Re8
37.Qf2 Qd7 38.f5 gxf5 39.Rh1 Qg7+ 40.Kh2 Qg4 41.Re1 Rxe1  0-1

[Event "Buenos Aires ol (Men)"]
[Site "Buenos Aires"]
[Date "1978.??.??"]
[Round "?"]
[White "Timman, Jan H"]
[Black "Gamarra Caceres, Carlos"]
[Result "1-0"]
[WhiteElo "2585"]
[BlackElo "2280"]

1.e4 c5 2.Nf3 Nc6 3.Bb5 g6 4.O-O Bg7 5.Re1 e6 6.Bxc6 bxc6 7.d3 Ne7 8.e5 O-O
9.Nc3 Qb6 10.Na4 Qa5 11.b3 f6 12.Ba3 fxe5 13.Bxc5 Qd8 14.Bd6 e4 15.dxe4 Bxa1
16.Qxa1 h6 17.Ne5 Kh7 18.Qc3 Ng8 19.Bxf8 Qxf8 20.Re3 Qg7 21.Rf3 Nf6 22.Qd4 d5
23.Nc5 a5 24.Nxg6 Nxe4 25.Ne5 Qg5 26.h4 Qd2 27.Qxd2 Nxd2 28.Rf8  1-0

[Event "Buenos Aires ol (Men)"]
[Site "Buenos Aires"]
[Date "1978.??.??"]
[Round "?"]
[White "Trois, Francisco RT"]
[Black "Timman, Jan H"]
[Result "0-1"]
[WhiteElo "2385"]
[BlackElo "2585"]

1.e4 c5 2.Nf3 Nc6 3.Bb5 e6 4.O-O Nge7 5.Re1 a6 6.Bf1 d5 7.exd5 Nxd5 8.d4 Be7
9.dxc5 O-O 10.a3 a5 11.c4 Nf6 12.Nc3 Qxd1 13.Rxd1 Nd7 14.Na4 Nxc5 15.Nxc5 Bxc5
16.Bf4 Re8 17.Ne5 Nxe5 18.Bxe5 a4 19.Be2 f6 20.Bd6 Ra5 21.Rd2 e5 22.Rd5 b6
23.Bxc5 Rxc5 24.Rd6 Re6 25.Rad1 Kf7 26.h3 Ba6 27.Bg4 Rxd6 28.Rxd6 Bxc4 29.Rxb6 Bb3
30.Bd7 Ke7 31.Rb7 Kd6 32.Be8 Rc8 33.Bb5 Rc1+ 34.Kh2 Rc2 35.Kg3 Kc5 36.Be8 g5
37.Rb5+ Kd6 38.Rb4 f5 39.Bxa4 f4+ 40.Kg4 Bxa4 41.Rxa4 Rxf2 42.Ra6+ Kd5 43.Kxg5 Rxg2+  0-1

[Event "Buenos Aires ol (Women)"]
[Site "Buenos Aires"]
[Date "1978.??.??"]
[Round "?"]
[White "Laakmann, Anni"]
[Black "Lematschko, Tatjana"]
[Result "0-1"]
[WhiteElo "2160"]
[BlackElo "2230"]

1.e4 c5 2.Nf3 Nc6 3.Bb5 Qb6 4.c4 a6 5.Bxc6 dxc6 6.O-O Bg4 7.b3 O-O-O 8.Qe2 e5
9.Bb2 f6 10.d3 Ne7 11.h3 Bh5 12.Nc3 Ng6 13.g3 Bd6 14.Qe3 Nf8 15.Na4 Qc7 16.Kg2 Ne6
17.Rab1 b5 18.Nc3 g5 19.Nh2 Nf4+ 20.Kh1 Qd7 21.g4 Bf7 22.Rg1 h5 23.Rg3 Be6
24.f3 Rh6 25.Nd1 Rdh8 26.Nf2 Qh7 27.cxb5 axb5 28.b4 hxg4 29.fxg4 Nxh3 30.Nxh3 Rxh3
31.Rxh3 Qxh3 32.Qxh3 Rxh3 33.bxc5 Be7 34.d4 exd4 35.Bxd4 Rd3 36.Bg1 Bxa2
37.Ra1 Ra3 38.Bd4 Ra4 39.Nf3 Be6 40.Rxa4 bxa4  0-1